|
|
|
|
| LEADER |
00000nab a2200000 a 4500 |
| 001 |
vtls000865953 |
| 003 |
SK-MaSNL |
| 005 |
20260302161115.0 |
| 008 |
161006c2004 xo 0 slo |
| 015 |
|
|
|a SNBRB2004/03-08382
|
| 035 |
|
|
|a CLN000217505
|
| 040 |
|
|
|a SNKBUCL
|b slo
|c SNKBUCL
|e AACR2
|
| 041 |
0 |
|
|a slo
|
| 044 |
|
|
|a xo
|c SK
|
| 080 |
|
|
|a 657.37:368
|2 1997
|
| 080 |
|
|
|a 368
|2 1997
|
| 100 |
1 |
|
|a Juhásová, Zuzana
|4 aut
|9 587360
|
| 245 |
1 |
0 |
|a Účtovná závierka poisťovne - príklad
|b Zuzana Juhásová
|
| 300 |
|
|
|b Príl.
|
| 504 |
|
|
|a Obsahuje bibliogr. citácie
|
| 650 |
0 |
7 |
|a poisťovne
|x závierka účtovná
|2 snkbucl
|9 858398
|
| 650 |
0 |
7 |
|a účtovná závierka
|2 snkbucl
|9 59787
|
| 655 |
|
7 |
|a články z novín a časopisov
|2 snkbucl
|9 267496
|
| 773 |
0 |
|
|x 1335-2024
|t Účtovníctvo. Audítorstvo. Daňovníctvo v teórii a praxi s prílohou
|g Roč. 12, č. 2 (2004), s. 52-58
|
| 850 |
|
|
|a Slovenská národná knižnica v Martine
|
| 852 |
|
|
|a SNK
|b KIS3GCP
|
| 958 |
|
|
|a NB
|
| 958 |
|
|
|a RBX
|
| 999 |
|
|
|c 1376455
|d 1378385
|